000 00731nam a2200217 4500
001 112870
003 ES-MaACL
005 20250804010209.0
007 t|
008 061121s1969 sp r ||||1| spa d
110 2 _aScientific American.
_96515
245 1 3 _aLa nueva astronomía :
_bun libro de Scientific American /
_c[traductor Fernando Vela].
260 _aMadrid :
_bAlianza Editorial,
_c1969.
300 _a282 p. :
_bil. ;
_c18 cm.
490 1 _aEl libro de bolsillo. Ciencia y técnica ;
_v178
650 7 _aAstronomía
_2embne
_910386
700 1 _aVela, Fernando.
_9113674
830 1 3 _aEl libro de bolsillo.
_pCiencia y técnica
_v178
_9181079
852 _aES-MaACL
_jC-36506
999 _c112870
_d112870